000 nam a22 7a 4500
999 _c8859
_d8859
008 180120b ||||| |||| 00| 0 eng d
100 _aMishra.A.etal.
_95180
245 _aBasic Science
260 _aNew Delhi
_bBharathi Bhawan
_c2008